| 000 | 00423nam a2200145Ia 4500 | ||
|---|---|---|---|
| 041 | _aArabic | ||
| 082 | _a251,2 cut-942 ز | ||
| 100 | _a20260118u\\\\\\\\\\\y0engy0103\\\\ba | ||
| 100 | _aد.عبدالكريم زيدان | ||
| 245 | 0 | _aالمدخل لدراسة الشريعة الاسلامية | |
| 250 | _aط1 | ||
| 260 |
_bمؤسسة الرسالة _aبيروت - لبنان _c2002 |
||
| 300 | _a355 | ||
| 942 | _cBk | ||
| 999 |
_c189608 _d189608 |
||